[Event "48th Groningen Open A"]
[Site "Groningen NED"]
[Date "2011.12.21"]
[Round "1.1"]
[White "Tiviakov, Sergei"]
[Black "Pel, Bonno"]
[Result "1-0"]
[WhiteElo "2650"]
[BlackElo "2292"]
[PlyCount "65"]
[EventDate "2011.12.21"]

1. e4 d6 2. d4 Nf6 3. Nc3 g6 4. Bg5 Bg7 5. Qd2 h6 6. Bh4 g5 7. Bg3 Nh5 8. O-O-O
Nc6 9. Bb5 a6 10. Bxc6+ bxc6 11. Nge2 e6 12. h4 Nxg3 13. Nxg3 gxh4 14. Nh5 Bf8
15. e5 Be7 16. Ne4 dxe5 17. dxe5 Qxd2+ 18. Rxd2 c5 19. Nhf6+ Kf8 20. Rxh4 Rb8
21. Nxc5 Rb5 22. Ncd7+ Bxd7 23. Nxd7+ Kg7 24. Rg4+ Kh7 25. c4 Ra5 26. b3 h5 27.
Rg3 Kh6 28. f4 Rd8 29. a4 Bd6 30. Nf6 Ba3+ 31. Kc2 Rxd2+ 32. Kxd2 Rc5 33. Rg5
1-0

[Event "48th Groningen Open A"]
[Site "Groningen NED"]
[Date "2011.12.21"]
[Round "1.3"]
[White "Hess, Robert L"]
[Black "Heemskerk, Wim"]
[Result "1-0"]
[WhiteElo "2625"]
[BlackElo "2264"]
[PlyCount "93"]
[EventDate "2011.12.21"]

1. e4 e6 2. d4 d5 3. Nc3 Bb4 4. e5 Ne7 5. a3 Bxc3+ 6. bxc3 b6 7. Nh3 Qd7 8. Nf4
Ba6 9. Nh5 Rg8 10. Bxa6 Nxa6 11. Qd3 Qc6 12. O-O Qc4 13. Qxh7 Qxc3 14. Be3
O-O-O 15. Ng3 Nb8 16. Qh5 Rdf8 17. Qe2 Qc4 18. Qd1 Nbc6 19. Re1 Rh8 20. Qd2 Rh4
21. c3 Rfh8 22. h3 f6 23. exf6 gxf6 24. f4 Na5 25. Ra2 Ng6 26. f5 exf5 27. Nxf5
Re4 28. Qf2 Rhe8 29. Raa1 Qc6 30. Bh6 Kb7 31. Ng3 R4e6 32. Rxe6 Qxe6 33. Rf1
Rh8 34. Bc1 Rf8 35. Nf5 Ne7 36. Bh6 Rf7 37. Ne3 Qc6 38. Qd2 Rh7 39. Bf8 Ng6 40.
Bb4 Nc4 41. Nxc4 dxc4 42. d5 Qe8 43. d6 a5 44. Bxa5 bxa5 45. Qd5+ c6 46. Rb1+
Kc8 47. d7+ 1-0

[Event "48th Groningen Open A"]
[Site "Groningen NED"]
[Date "2011.12.21"]
[Round "1.6"]
[White "Meurs, Tom"]
[Black "Ruck, Robert"]
[Result "0-1"]
[WhiteElo "2247"]
[BlackElo "2579"]
[PlyCount "46"]
[EventDate "2011.12.21"]

1. e4 c5 2. Nf3 d6 3. d4 cxd4 4. Nxd4 Nf6 5. Nc3 a6 6. Bg5 e6 7. f4 Be7 8. Qe2
h6 9. Bh4 Nxe4 10. Bxe7 Nxc3 11. Qc4 Kxe7 12. Qxc3 Re8 13. O-O-O Kf8 14. Nf3 d5
15. g4 Nc6 16. Kb1 Qf6 17. Ne5 Qxf4 18. Nxc6 bxc6 19. Qc5+ Re7 20. Bd3 Rb8 21.
a3 Qc7 22. b3 Qb6 23. Qd6 c5 0-1

[Event "48th Groningen Open A"]
[Site "Groningen NED"]
[Date "2011.12.21"]
[Round "1.7"]
[White "Durarbeyli, Vasif"]
[Black "Van Overdam, Julian"]
[Result "1/2-1/2"]
[WhiteElo "2539"]
[BlackElo "2244"]
[PlyCount "295"]
[EventDate "2011.12.21"]

1. e4 c5 2. Nf3 e6 3. d4 cxd4 4. Nxd4 Nf6 5. Nc3 d6 6. g4 h6 7. h4 Nc6 8. Rg1
h5 9. gxh5 Nxh5 10. Bg5 Nf6 11. Qd2 Qb6 12. Nb3 a6 13. Be2 Bd7 14. O-O-O Qc7
15. Kb1 O-O-O 16. h5 Be7 17. Rh1 Be8 18. f4 Kb8 19. Bf3 Ng8 20. Rhg1 f6 21. Bh4
Bxh5 22. Bxh5 Rxh5 23. Bf2 Bf8 24. Qe2 Qf7 25. Nd4 Nxd4 26. Rxd4 d5 27. f5 exf5
28. Bg3+ f4 29. Bxf4+ Bd6 30. Qg4 Bxf4 31. Qxf4+ Re5 32. Rf1 Qe8 33. exd5 Ne7
34. Re1 Ng6 35. Qg3 Ka8 36. Red1 Ne7 37. Qd3 Nf5 38. Re4 Nd6 39. Rg4 Qe7 40.
Qg6 Re1 41. Qxg7 Rxd1+ 42. Nxd1 Qxg7 43. Rxg7 Nf5 44. Rf7 Rxd5 45. Nc3 Rd6 46.
b3 Ne3 47. Ne4 Rd1+ 48. Kb2 f5 49. Nc5 Rd2 50. Nxb7 Rxc2+ 51. Ka3 Nd5 52. Na5
Nc3 53. Nc4 Nxa2 54. Ka4 Kb8 55. Rxf5 Kc7 56. Rf7+ Kc6 57. Na5+ Kd5 58. Rd7+
Ke6 59. Ra7 Nc3+ 60. Kb4 Nd5+ 61. Ka3 Nc7 62. Rb7 Kd7 63. Rb6 Rc5 64. Nc4 Rb5
65. Rd6+ Kc8 66. Rh6 Rg5 67. Ka4 Kb8 68. Rh7 Rc5 69. Na5 Kc8 70. Rh8+ Kd7 71.
Nb7 Rd5 72. Rg8 Ne6 73. b4 Kc7 74. Na5 Rd4 75. Kb3 Rd3+ 76. Kc4 Rd4+ 77. Kc3
Rd8 78. Rg6 Rd3+ 79. Kc4 Rd4+ 80. Kc3 Rd3+ 81. Kb2 Kd7 82. Nc4 Rh3 83. Ka2 Ke7
84. Rg8 Rc3 85. Na5 Kd7 86. Nb3 Rc8 87. Rg6 Rc3 88. Rh6 Rg3 89. Kb2 Re3 90. Na5
Nc7 91. Rh7+ Re7 92. Rh3 Nd5 93. Rh4 Nc7 94. Nb3 Kc6 95. Rh6+ Kb7 96. Nc5+ Ka7
97. Rc6 Rf7 98. Kb3 Rh7 99. Ka4 Kb8 100. Ka5 Ka7 101. Rb6 Nd5 102. Rxa6+ Kb8
103. Rc6 Nxb4 104. Kxb4 Rh1 105. Ka5 Ra1+ 106. Kb4 Rb1+ 107. Nb3 Kb7 108. Re6
Kc7 109. Kc4 Rh1 110. Nd4 Rh5 111. Rf6 Rh4 112. Kc5 Rh5+ 113. Nf5 Rh7 114. Ra6
Kb7 115. Kb5 Rh1 116. Rb6+ Kc7 117. Rc6+ Kd7 118. Rf6 Rc1 119. Ne3 Ke7 120. Rh6
Kd7 121. Nc4 Ke7 122. Kc5 Rd1 123. Ne3 Ra1 124. Kd4 Re1 125. Rh4 Ke6 126. Re4+
Kd7 127. Kd5 Re2 128. Re5 Re1 129. Kd4 Ra1 130. Nc4 Rd1+ 131. Kc5 Rc1 132. Re4
Rc2 133. Re1 Rc3 134. Kd4 Rh3 135. Kd5 Rd3+ 136. Kc5 Rc3 137. Re4 Rc1 138. Re3
Rc2 139. Kd5 Rh2 140. Ne5+ Kc7 141. Rc3+ Kb6 142. Nc4+ Kc7 143. Rc1 Rh5+ 144.
Ne5+ Kb6 145. Rb1+ Kc7 146. Rb5 Rh1 147. Rc5+ Kb7 148. Kd4 1/2-1/2

[Event "48th Groningen Open A"]
[Site "Groningen NED"]
[Date "2011.12.21"]
[Round "1.8"]
[White "Galoyan, Levon"]
[Black "Rapport, Richard"]
[Result "0-1"]
[WhiteElo "2231"]
[BlackElo "2534"]
[PlyCount "80"]
[EventDate "2011.12.21"]

1. d4 Nf6 2. c4 g6 3. Nc3 Bg7 4. e4 d6 5. f3 a6 6. Be3 c6 7. Bd3 b5 8. cxb5
axb5 9. b4 O-O 10. Nge2 e5 11. dxe5 dxe5 12. a4 bxa4 13. Rxa4 Rxa4 14. Nxa4 Na6
15. Bb6 Qd6 16. Bc5 Nxc5 17. bxc5 Qe7 18. O-O Nd7 19. Qc2 Bh6 20. f4 exf4 21.
Nxf4 Ne5 22. Kh1 Rd8 23. Be2 Bg4 24. Bxg4 Nxg4 25. Qe2 Nf6 26. g3 Qxe4+ 27.
Qxe4 Nxe4 28. Re1 Rd4 29. Nb6 Bxf4 30. gxf4 Nxc5 31. Rc1 Nd3 32. Rxc6 Nxf4 33.
Kg1 Rd2 34. Nc4 Rg2+ 35. Kh1 Rc2 36. Kg1 Kg7 37. Ne5 Rg2+ 38. Kf1 Rg5 39. Nf3
Rf5 40. Kf2 Nd3+ 0-1

[Event "48th Groningen Open A"]
[Site "Groningen NED"]
[Date "2011.12.21"]
[Round "1.10"]
[White "Anurag, Mhamal"]
[Black "Bok, Benjamin"]
[Result "1-0"]
[WhiteElo "2222"]
[BlackElo "2513"]
[PlyCount "79"]
[EventDate "2011.12.21"]

1. c4 e5 2. g3 Nc6 3. Bg2 g6 4. Nc3 Bg7 5. e3 f5 6. Nge2 Nf6 7. d3 O-O 8. O-O
d6 9. Rb1 a5 10. a3 Ne7 11. f4 h6 12. e4 exf4 13. gxf4 Nc6 14. Kh1 Ng4 15. Qe1
Bf6 16. Rf3 Re8 17. Qg1 Bg7 18. Bd2 Kh7 19. Rg3 Qe7 20. Bf3 Qf7 21. Nd5 Nf6 22.
Nec3 Nxd5 23. Nxd5 Nd4 24. Bh5 gxh5 25. Rxg7+ Qxg7 26. Qxg7+ Kxg7 27. Nxc7 Nf3
28. Nxe8+ Kf8 29. Nc7 Rb8 30. Be3 fxe4 31. Ba7 e3 32. Kg2 Nh4+ 33. Kg3 Bg4 34.
Kxh4 Rc8 35. Nd5 e2 36. Ne3 Re8 37. Re1 b5 38. cxb5 Bd7 39. a4 Kf7 40. Rxe2 1-0

[Event "48th Groningen Open A"]
[Site "Groningen NED"]
[Date "2011.12.21"]
[Round "1.11"]
[White "Michalik, Peter"]
[Black "Duijker, Rick"]
[Result "1-0"]
[WhiteElo "2509"]
[BlackElo "2204"]
[PlyCount "91"]
[EventDate "2011.12.21"]

1. d4 Nf6 2. c4 e6 3. g3 Bb4+ 4. Bd2 Qe7 5. Nf3 Nc6 6. Nc3 O-O 7. Bg2 Bxc3 8.
Bxc3 Ne4 9. Rc1 d6 10. d5 Nxc3 11. Rxc3 Nd8 12. O-O e5 13. Qc2 c5 14. a3 f5 15.
b4 b6 16. bxc5 bxc5 17. Nd2 e4 18. Re3 Qf6 19. g4 g6 20. gxf5 gxf5 21. Rg3+ Kh8
22. f3 e3 23. Ne4 Qd4 24. Rd1 Qe5 25. Ng5 h6 26. f4 Qxf4 27. Ne6 Bxe6 28. Qc3+
Qe5 29. Qxe5+ dxe5 30. dxe6 Nxe6 31. Bxa8 Rxa8 32. Rxe3 e4 33. Rd5 Rf8 34. Re5
Rf6 35. Rb3 Kg7 36. Rb7+ Kg6 37. e3 Ng5 38. Rxc5 Ra6 39. Rb3 Nf3+ 40. Kg2 Kg5
41. Rd5 Rg6 42. Kg3 h5 43. h3 a6 44. c5 Kf6+ 45. Kf4 Ng5 46. Rxf5+ 1-0

[Event "48th Groningen Open A"]
[Site "Groningen NED"]
[Date "2011.12.21"]
[Round "1.12"]
[White "Kerigan, Demre"]
[Black "Hoffmann, Michael1"]
[Result "1/2-1/2"]
[WhiteElo "2192"]
[BlackElo "2499"]
[PlyCount "75"]
[EventDate "2011.12.21"]

1. e4 c5 2. Nf3 d6 3. d4 cxd4 4. Nxd4 Nf6 5. Nc3 a6 6. h3 e6 7. g4 Be7 8. Bg2
Nfd7 9. Be3 Nc6 10. O-O O-O 11. a4 Nde5 12. Nde2 Rb8 13. b3 b5 14. axb5 axb5
15. Ng3 Ng6 16. f4 e5 17. f5 Nf4 18. Nd5 Nxg2 19. Kxg2 f6 20. Qd2 Rf7 21. Rfd1
Bf8 22. Ne2 Bb7 23. Nec3 Ne7 24. Ra7 Nc6 25. Raa1 Ne7 26. Ra7 Nc6 27. Ra2 Ne7
28. Rda1 Kh8 29. Kg1 Nxd5 30. Nxd5 Rc8 31. Ra7 h6 32. R1a2 Kh7 33. Qd3 Qe8 34.
R7a5 Bc6 35. Nb4 Rb7 36. Ra7 Qd7 37. R2a6 Rxa7 38. Rxa7 1/2-1/2

[Event "48th Groningen Open A"]
[Site "Groningen NED"]
[Date "2011.12.21"]
[Round "1.14"]
[White "Vogel, Jaap"]
[Black "Naroditsky, Daniel"]
[Result "0-1"]
[WhiteElo "2169"]
[BlackElo "2472"]
[PlyCount "70"]
[EventDate "2011.12.21"]

1. d4 Nf6 2. Nf3 g6 3. g3 Bg7 4. Bg2 O-O 5. O-O d6 6. c4 c6 7. Nc3 Nbd7 8. h3
e5 9. Be3 Qe7 10. Rc1 Rd8 11. d5 c5 12. Qd2 Nh5 13. Bg5 f6 14. Bh6 e4 15. Nh2
Bxh6 16. Qxh6 f5 17. g4 Ng7 18. f4 Nf6 19. Qg5 Bd7 20. e3 Rab8 21. Rfd1 a6 22.
Bf1 Re8 23. Be2 b5 24. Rd2 Qf7 25. Nf1 bxc4 26. Ng3 Kh8 27. Kh1 Rb6 28. gxf5
Nxf5 29. Nxf5 Bxf5 30. h4 Reb8 31. Rcc2 h5 32. Bxc4 Qg7 33. Be2 Rf8 34. Nd1 Bg4
35. Nc3 Nh7 0-1

[Event "48th Groningen Open A"]
[Site "Groningen NED"]
[Date "2011.12.21"]
[Round "1.15"]
[White "Plat, Vojtech"]
[Black "Sparenberg, Erik"]
[Result "1-0"]
[WhiteElo "2425"]
[BlackElo "2162"]
[PlyCount "79"]
[EventDate "2011.12.21"]

1. e4 e5 2. Nf3 Nc6 3. Bb5 a6 4. Ba4 Nf6 5. d4 exd4 6. O-O Be7 7. Re1 b5 8. e5
Nxe5 9. Nxe5 bxa4 10. Qxd4 O-O 11. Bg5 Rb8 12. Nd2 Rb6 13. Nd3 Bb7 14. Qxa4 Rb5
15. Bh4 Rh5 16. Bg3 d5 17. Qb3 Ba8 18. Nf4 Rh6 19. c4 Ne4 20. Nxe4 dxe4 21. Nd5
f5 22. Bxc7 Qd7 23. Bf4 g5 24. Nxe7+ Qxe7 25. c5+ Kg7 26. Bd6 Rxd6 27. cxd6
Qxd6 28. Red1 Qe7 29. Rac1 f4 30. Qb6 Rf7 31. Rd8 Bb7 32. Rcd1 e3 33. Qd4+ Kg6
34. Rd6+ Kh5 35. f3 Bc8 36. h3 Bf5 37. g4+ fxg3 38. Qg4+ Bxg4 39. hxg4+ Kh4 40.
Rh6# 1-0

[Event "48th Groningen Open A"]
[Site "Groningen NED"]
[Date "2011.12.21"]
[Round "1.16"]
[White "Knol, Geon"]
[Black "Thesing, Matthias"]
[Result "0-1"]
[WhiteElo "2152"]
[BlackElo "2409"]
[PlyCount "90"]
[EventDate "2011.12.21"]

1. e4 c5 2. Nc3 e6 3. f4 d5 4. d3 dxe4 5. dxe4 Qxd1+ 6. Nxd1 b6 7. Bb5+ Nd7 8.
Nc3 a6 9. Bc6 Rb8 10. e5 Ne7 11. Bf3 Nf5 12. Nge2 h5 13. a4 Bb7 14. Bxb7 Rxb7
15. Ne4 f6 16. O-O Be7 17. exf6 gxf6 18. N4g3 Nxg3 19. Nxg3 f5 20. c4 Nf6 21.
Ra3 Kf7 22. Rd3 b5 23. axb5 axb5 24. cxb5 Rxb5 25. Ne2 Rhb8 26. Nc3 Ra5 27.
Rfd1 c4 28. Rh3 Rb3 29. Kf1 Bb4 30. Rd4 Bxc3 31. Rxc4 Nd5 32. Ke2 Ra1 33. Bd2
Rxb2 34. Rhxc3 Nxc3+ 35. Rxc3 Raa2 36. Rd3 Ra5 37. Rd7+ Ke8 38. Rb7 Raa2 39.
Rxb2 Rxb2 40. Kd3 Kd7 41. Kc3 Ra2 42. Kd3 Kc6 43. Kc3 Kd5 44. Kd3 h4 45. g3 h3
0-1

[Event "48th Groningen Open A"]
[Site "Groningen NED"]
[Date "2011.12.21"]
[Round "1.17"]
[White "Poetsch, Hagen"]
[Black "Bijlsma, Nick"]
[Result "1-0"]
[WhiteElo "2408"]
[BlackElo "2150"]
[PlyCount "87"]
[EventDate "2011.12.21"]

1. e4 c5 2. Nf3 d6 3. d4 cxd4 4. Nxd4 Nf6 5. Nc3 a6 6. Bg5 e6 7. f4 Qc7 8. Bxf6
gxf6 9. f5 Nc6 10. fxe6 fxe6 11. Bc4 Nxd4 12. Qxd4 Be7 13. O-O-O Qc5 14. Qxc5
dxc5 15. Na4 Bd8 16. Nxc5 Ke7 17. e5 fxe5 18. Rhe1 Bc7 19. Re3 b6 20. Rg3 Rf8
21. Rg7+ Rf7 22. Rxf7+ Kxf7 23. Nxe6 Bxe6 24. Rd7+ Kf6 25. Rxc7 Bxc4 26. Rxc4
b5 27. Rc6+ Kf5 28. Kd2 Rg8 29. g3 h5 30. Rxa6 h4 31. Ra3 Rg4 32. Rf3+ Ke4 33.
Rb3 Rg8 34. Ke2 hxg3 35. hxg3 Kd4 36. Rxb5 Rxg3 37. c3+ Ke4 38. Rb4+ Kf5 39. a4
e4 40. a5 Kf4 41. a6 Rg2+ 42. Kf1 Rg8 43. Kf2 Ra8 44. Ra4 1-0

[Event "48th Groningen Open A"]
[Site "Groningen NED"]
[Date "2011.12.21"]
[Round "1.18"]
[White "Dehn, Marcus"]
[Black "Kuipers, Stefan"]
[Result "0-1"]
[WhiteElo "2134"]
[BlackElo "2396"]
[PlyCount "82"]
[EventDate "2011.12.21"]

1. e4 c5 2. Nc3 Nc6 3. f4 e6 4. Bb5 Nge7 5. Nf3 a6 6. Bxc6 Nxc6 7. O-O Be7 8.
d3 O-O 9. Be3 d5 10. Bf2 b5 11. Qe1 Bb7 12. e5 Qd7 13. d4 cxd4 14. Nxd4 Nxd4
15. Bxd4 Rac8 16. Qf2 f6 17. a3 fxe5 18. Bxe5 Bc5 19. Bd4 Bxd4 20. Qxd4 Rc4 21.
Qd2 Qc7 22. Qe1 Qc6 23. Rf2 Rcxf4 24. Rxf4 Rxf4 25. Qg3 Qc5+ 26. Kh1 Qf2 27.
Ne2 Qxg3 28. hxg3 Rf2 29. Nd4 e5 30. Kg1 Rd2 31. Nf3 Rxc2 32. Nxe5 Rxb2 33. Rc1
Re2 34. Nd3 d4 35. Rc7 Be4 36. Rc8+ Kf7 37. Rc7+ Kf6 38. Nf4 Ra2 39. Rd7 g5 40.
Rxd4 Ke5 41. Ne6 Bxg2 0-1

[Event "48th Groningen Open A"]
[Site "Groningen NED"]
[Date "2011.12.21"]
[Round "1.19"]
[White "Firat, Burak"]
[Black "Theulings, Paul-Peter"]
[Result "0-1"]
[WhiteElo "2393"]
[BlackElo "2128"]
[PlyCount "60"]
[EventDate "2011.12.21"]

1. e4 Nf6 2. e5 Nd5 3. d4 d6 4. c4 Nb6 5. exd6 exd6 6. Nf3 Be7 7. h3 Bf5 8. Be2
O-O 9. O-O h6 10. Nc3 Bf6 11. Bf4 Nc6 12. Rc1 Re8 13. d5 Ne5 14. Nd4 Bh7 15. b3
Nbd7 16. Na4 Ng6 17. Be3 Nh4 18. Qd2 Qe7 19. Rfe1 Qe4 20. Bf1 Ne5 21. Kh1 Qg6
22. Nb2 Qh5 23. f4 Nd7 24. Na4 Be4 25. Kh2 g5 26. Nc3 g4 27. Qd1 Bxg2 28. Bxg2
Nxg2 29. Bf2 Qxh3+ 30. Kg1 Nxe1 0-1

[Event "48th Groningen Open A"]
[Site "Groningen NED"]
[Date "2011.12.21"]
[Round "1.20"]
[White "Cako, Laszlo"]
[Black "Klein, David"]
[Result "0-1"]
[WhiteElo "2111"]
[BlackElo "2378"]
[PlyCount "86"]
[EventDate "2011.12.21"]

1. e4 e5 2. Nf3 Nc6 3. Bb5 f5 4. Nc3 fxe4 5. Nxe4 Nf6 6. Qe2 d5 7. Nxf6+ gxf6
8. d4 Bg7 9. dxe5 O-O 10. Bxc6 bxc6 11. e6 Re8 12. O-O Bxe6 13. Bf4 Rb8 14. b3
Bg4 15. Qd3 Qd7 16. Rae1 Bf5 17. Qc3 Be4 18. Nd2 Bg6 19. Nf3 Kf7 20. Nd4 Bf8
21. Qxc6 Qxc6 22. Nxc6 Rb6 23. Rxe8 Kxe8 24. Nd4 c5 25. Ne2 Bxc2 26. Nc3 d4 27.
Rc1 Bg6 28. Nd5 Rc6 29. Kf1 Bd3+ 30. Kg1 Kd7 31. f3 Bg6 32. Bd2 Ra6 33. Be1
Rxa2 34. Nxf6+ Ke6 35. Ne4 Bxe4 36. fxe4 Ke5 37. Bg3+ Kxe4 38. Re1+ Kd3 39. Bf4
Re2 40. Ra1 Kc3 41. Rxa7 d3 42. Rf7 Be7 43. Rxh7 Bf6 0-1

[Event "48th Groningen Open A"]
[Site "Groningen NED"]
[Date "2011.12.21"]
[Round "1.21"]
[White "De Jong, Migchiel"]
[Black "Ypma, Peter"]
[Result "1/2-1/2"]
[WhiteElo "2367"]
[BlackElo "2105"]
[PlyCount "95"]
[EventDate "2011.12.21"]

1. e4 c6 2. d4 d5 3. Nd2 g6 4. Ngf3 h5 5. Bd3 Nh6 6. O-O Bg4 7. h3 dxe4 8. Nxe4
Bf5 9. Re1 e6 10. Bf4 Bxe4 11. Bxe4 Be7 12. Qd2 Nf5 13. Bxf5 gxf5 14. c4 Nd7
15. d5 Nc5 16. Qd4 Rg8 17. d6 b6 18. dxe7 Qxd4 19. Nxd4 Nd3 20. Nxc6 Nxe1 21.
Rxe1 Kd7 22. Ne5+ Kxe7 23. Rd1 f6 24. Nc6+ Ke8 25. b4 e5 26. Bc1 f4 27. Kf1 Rg6
28. Bb2 Rg7 29. Rd6 Kf7 30. f3 Rag8 31. Rd2 Ke6 32. b5 Rd7 33. Re2 Rc8 34. a4
Rd1+ 35. Kf2 Rc7 36. a5 bxa5 37. Nxa5 Rcd7 38. Nb3 Kd6 39. c5+ Kc7 40. c6 R7d5
41. Rc2 Rxb5 42. Nc5 Rxc5 43. Rxc5 Rd2+ 44. Kg1 Rxb2 45. Ra5 Kb6 46. Rc5 Kc7
47. Ra5 Kb6 48. Rc5 1/2-1/2

[Event "48th Groningen Open A"]
[Site "Groningen NED"]
[Date "2011.12.21"]
[Round "1.22"]
[White "Andraschko, Felix"]
[Black "Van Assendelft, Floris"]
[Result "0-1"]
[WhiteElo "2103"]
[BlackElo "2357"]
[PlyCount "80"]
[EventDate "2011.12.21"]

1. d4 Nf6 2. c4 g6 3. Nc3 Bg7 4. e4 O-O 5. Nf3 c6 6. Be2 d5 7. cxd5 cxd5 8. e5
Ne4 9. O-O Nc6 10. Qb3 Na5 11. Qa3 Bg4 12. Ne1 Nc4 13. Bxc4 Nxc3 14. Qxc3 dxc4
15. Qxc4 Rc8 16. Qd3 Qb6 17. Nf3 Rfd8 18. h3 Bf5 19. Qe3 Rc2 20. Rd1 Qb5 21. a4
Qd5 22. Ra3 Be4 23. b4 Bxf3 24. Qxf3 Qxf3 25. Rxf3 Bxe5 26. Rfd3 Bd6 27. Ba3
Ra2 28. R1d2 Ra1+ 29. Rd1 Rxd1+ 30. Rxd1 a5 31. Rb1 Rc8 32. g3 Rc3 33. Bc1 axb4
34. Bd2 Rc4 35. Be3 Kg7 36. Rb3 Kf6 37. Kf1 Rc2 38. Ke1 Ke6 39. Bd2 Kd5 40.
Bxb4 Kc4 0-1

[Event "48th Groningen Open A"]
[Site "Groningen NED"]
[Date "2011.12.21"]
[Round "1.23"]
[White "Pijpers, Arthur"]
[Black "Kappus, Stephan"]
[Result "1-0"]
[WhiteElo "2332"]
[BlackElo "2093"]
[PlyCount "43"]
[EventDate "2011.12.21"]

1. e4 c5 2. Nf3 d6 3. d4 cxd4 4. Nxd4 Nf6 5. Nc3 a6 6. Bg5 e6 7. f4 Nbd7 8. Qf3
Qc7 9. O-O-O b5 10. Bxb5 axb5 11. e5 Bb7 12. Ndxb5 Qb8 13. Qe2 dxe5 14. Qc4 Bc5
15. Bxf6 gxf6 16. Rxd7 Be3+ 17. Kb1 Kxd7 18. Rd1+ Bd4 19. fxe5 fxe5 20. Nxd4
Ke7 21. Qc5+ Ke8 22. Ndb5 1-0

[Event "48th Groningen Open A"]
[Site "Groningen NED"]
[Date "2011.12.21"]
[Round "1.24"]
[White "Van Overdam, Jan"]
[Black "Thakur, Akash"]
[Result "0-1"]
[WhiteElo "2069"]
[BlackElo "2324"]
[PlyCount "84"]
[EventDate "2011.12.21"]

1. e4 e5 2. Nf3 Nc6 3. Bb5 a6 4. Bxc6 dxc6 5. O-O Bg4 6. h3 Bxf3 7. Qxf3 Qd7 8.
d3 f6 9. Be3 h5 10. Rd1 O-O-O 11. Nc3 g5 12. d4 g4 13. Qg3 exd4 14. Bxd4 Qe6
15. Be3 Bd6 16. Bf4 Nh6 17. Qe3 Bxf4 18. Rxd8+ Rxd8 19. Qxf4 gxh3 20. g3 Ng4
21. f3 Ne5 22. Rd1 Rxd1+ 23. Nxd1 Qd6 24. Nf2 Qd4 25. Qxf6 b5 26. Qh8+ Kb7 27.
Qxh5 Qxb2 28. f4 Qc1+ 29. Qd1 Nf3+ 30. Kh1 Qe3 31. Qf1 Nd2 32. Qg1 Nf3 33. Qf1
Nd2 34. Qg1 Nxe4 35. Nxe4 Qxe4+ 36. Kh2 Qxc2+ 37. Kxh3 Qxa2 38. g4 b4 39. g5 b3
40. g6 b2 41. g7 Qe6+ 42. Qg4 Qxg4+ 0-1

[Event "48th Groningen Open A"]
[Site "Groningen NED"]
[Date "2011.12.21"]
[Round "1.25"]
[White "Georgiadis, Nico"]
[Black "Hummel, Joop"]
[Result "1-0"]
[WhiteElo "2316"]
[BlackElo "2030"]
[PlyCount "65"]
[EventDate "2011.12.21"]

1. e4 e6 2. d4 d5 3. Nc3 Bb4 4. e5 c5 5. a3 Bxc3+ 6. bxc3 Ne7 7. Qg4 Qc7 8. Bd3
c4 9. Be2 Bd7 10. Qxg7 Rg8 11. Qxh7 Nbc6 12. g3 O-O-O 13. Qh6 Nf5 14. Qf4 Nce7
15. h4 Ba4 16. h5 Rh8 17. Bd1 Ng6 18. Qf3 Nxe5 19. dxe5 d4 20. Qf4 dxc3 21. Be3
Rxd1+ 22. Kxd1 Rd8+ 23. Ke1 Bxc2 24. Ne2 Bb3 25. Kf1 Qc6 26. Kg1 c2 27. Kh2 Rd1
28. Rg1 Nxe3 29. Qxe3 Rd3 30. Qf4 Rf3 31. Nd4 Rxf4 32. Nxc6 Rxf2+ 33. Rg2 1-0

[Event "48th Groningen Open A"]
[Site "Groningen NED"]
[Date "2011.12.21"]
[Round "1.26"]
[White "Maatman, Nick"]
[Black "Afek, Yochanan"]
[Result "1-0"]
[WhiteElo "2029"]
[BlackElo "2301"]
[PlyCount "105"]
[EventDate "2011.12.21"]

1. d4 Nf6 2. c4 g6 3. Nc3 Bg7 4. e4 O-O 5. Be2 c5 6. Nf3 cxd4 7. Nxd4 Nc6 8.
Nc2 d6 9. O-O Nd7 10. Bd2 a5 11. Qc1 a4 12. Bh6 Nc5 13. Bxg7 Kxg7 14. Ne3 Be6
15. Rb1 Nd4 16. Qd2 Nxe2+ 17. Qxe2 Qa5 18. Rfc1 Rfc8 19. b4 axb3 20. axb3 Qd8
21. b4 Nd7 22. Ncd5 Bxd5 23. Nxd5 e6 24. Ne3 Nf6 25. Qb2 Kg8 26. e5 dxe5 27.
Qxe5 Ra2 28. Rd1 Qe7 29. c5 h5 30. h3 Kh7 31. Nc4 Rca8 32. Rb3 Ng8 33. Rf3 Nh6
34. Nd6 R8a3 35. Rxa3 Rxa3 36. Ne4 Ng8 37. f4 f6 38. Qb8 Kh8 39. Qc8 Qg7 40.
Qxe6 Re3 41. Kf2 Ra3 42. Rd8 Ra6 43. Nd6 f5 44. Qe5 Ra2+ 45. Ke3 Ra3+ 46. Ke2
Ra2+ 47. Kd3 Qxe5 48. fxe5 Kg7 49. Rd7+ Kh6 50. Rxb7 Rxg2 51. c6 Kg5 52. Rg7
Rg3+ 53. Kd4 1-0

[Event "48th Groningen Open A"]
[Site "Groningen NED"]
[Date "2011.12.21"]
[Round "1.27"]
[White "Tarasova, Viktoriya"]
[Black "Maris, Ivo"]
[Result "1-0"]
[WhiteElo "2294"]
[BlackElo "2022"]
[PlyCount "151"]
[EventDate "2011.12.21"]

1. d4 Nf6 2. c4 g6 3. Nc3 d5 4. e3 Bg7 5. cxd5 Nxd5 6. Nxd5 Qxd5 7. Ne2 O-O 8.
Nc3 Qd8 9. Be2 c5 10. d5 a6 11. a4 e6 12. e4 Qh4 13. Bf3 Nd7 14. g3 Qh3 15. Ne2
Ne5 16. Nf4 Qh6 17. Bg2 g5 18. Nd3 Nxd3+ 19. Qxd3 Bd4 20. O-O Qf6 21. Qd2 h6
22. Ra3 Bd7 23. Kh1 exd5 24. exd5 b5 25. a5 b4 26. Rf3 Qd6 27. h4 g4 28. Rf4
Be5 29. Re4 f5 30. Rxe5 Qxe5 31. Qxh6 Bb5 32. Rd1 Qe2 33. Qg6+ Kh8 34. Rg1 Bd3
35. Qh6+ Kg8 36. Qg5+ Kh8 37. Qh6+ Kg8 38. d6 Be4 39. Qg6+ Kh8 40. Qh6+ Kg8 41.
Qg5+ Kh8 42. Qh6+ Kg8 43. Qe6+ Kh7 44. Kh2 Qxf2 45. Qh6+ Kg8 46. Qg6+ Kh8 47.
Qh6+ Kg8 48. Qg5+ Kh7 49. Qe7+ Kg8 50. Bf4 Rf7 51. Qe6 Rd8 52. Be5 Kf8 53. Qh6+
Ke8 54. Qe6+ Kf8 55. Qh6+ Ke8 56. Qg6 Kf8 57. Qh6+ Ke8 58. Qe6+ Kf8 59. b3 Qd2
60. Bf4 Qb2 61. Bh6+ Kg8 62. Bg5 Rdd7 63. Be7 Bc6 64. Kh1 Bxg2+ 65. Rxg2 Qc1+
66. Rg1 Qc3 67. Qxd7 Qf3+ 68. Rg2 f4 69. Qc8+ Kh7 70. Qxc5 Qd1+ 71. Qg1 Qd3 72.
Qf2 Qf3 73. Qc2+ Kh6 74. Bg5+ Kh5 75. Bxf4 Rc7 76. Qf5# 1-0

[Event "48th Groningen Open A"]
[Site "Groningen NED"]
[Date "2011.12.22"]
[Round "2.1"]
[White "Kuipers, Stefan"]
[Black "Tiviakov, Sergei"]
[Result "0-1"]
[WhiteElo "2396"]
[BlackElo "2650"]
[PlyCount "66"]
[EventDate "2011.12.21"]

1. e4 e6 2. d4 d5 3. Nc3 dxe4 4. Nxe4 Nd7 5. Nf3 Ngf6 6. Nxf6+ Nxf6 7. Be2 c5
8. c3 Be7 9. O-O O-O 10. Bg5 Qc7 11. Qb3 b6 12. dxc5 bxc5 13. Qc4 Bb7 14. Rfd1
Bd5 15. Qf4 Bd6 16. Qh4 Ne4 17. c4 Bc6 18. Bd3 Nxg5 19. Nxg5 h6 20. Bh7+ Kh8
21. Be4 Bxe4 22. Nxe4 Be5 23. Rd2 Rab8 24. Rad1 Rxb2 25. Rxb2 Bxb2 26. g3 f5
27. Nd6 a6 28. Qf4 Bf6 29. Rb1 Bd4 30. Rb7 Qc6 31. Rf7 Kg8 32. Rxf8+ Kxf8 33.
g4 Ke7 0-1

[Event "48th Groningen Open A"]
[Site "Groningen NED"]
[Date "2011.12.22"]
[Round "2.2"]
[White "Romanov, Evgeny"]
[Black "Klein, David"]
[Result "1/2-1/2"]
[WhiteElo "2627"]
[BlackElo "2378"]
[PlyCount "202"]
[EventDate "2011.12.21"]

1. g3 Nf6 2. Bg2 d5 3. Nf3 e6 4. O-O Be7 5. c4 O-O 6. d4 dxc4 7. Qa4 a6 8. Qxc4
b5 9. Qc2 Bb7 10. Bd2 Be4 11. Qc1 Bb7 12. Qc2 Be4 13. Qc1 Bb7 14. a4 Nbd7 15.
Ba5 Bd6 16. Na3 Qb8 17. b4 e5 18. Rd1 Be4 19. axb5 axb5 20. dxe5 Nxe5 21. Nd4
Bxg2 22. Kxg2 Qb7+ 23. Kg1 Qc8 24. Naxb5 Qh3 25. Qg5 Neg4 26. Qh4 Qxh4 27. gxh4
Bxh2+ 28. Kg2 Be5 29. Bxc7 Nd5 30. Rxa8 Rxa8 31. Nc6 Nxc7 32. Nxe5 Nxb5 33.
Nxg4 Nc3 34. Rd2 h5 35. Ne5 Re8 36. f4 f6 37. Ng6 Nxe2 38. b5 Nc3 39. b6 Na4
40. b7 Nc5 41. Rb2 Rb8 42. Rb5 Nxb7 43. f5 Kf7 44. Rb6 Ke8 45. Nf4 Kd7 46. Ne6
Kc8 47. Nxg7 Kc7 48. Rxf6 Nd6 49. Nxh5 Rh8 50. Nf4 Rxh4 51. Kf3 Nxf5 52. Rxf5
Rh1 53. Rd5 Kc6 54. Ke4 Re1+ 55. Kf5 Rf1 56. Re5 Kd6 57. Re2 Rh1 58. Rd2+ Kc5
59. Ke4 Re1+ 60. Ne2 Rh1 61. Ng3 Re1+ 62. Kf5 Kb4 63. Ne4 Rf1+ 64. Ke5 Rf8 65.
Rd4+ Kb3 66. Rd3+ Kb4 67. Nf6 Rh8 68. Nd5+ Kc4 69. Rc3+ Kb5 70. Nf4 Rh4 71. Rc7
Rg4 72. Ne6 Rg1 73. Kd5 Kb4 74. Rc4+ Kb3 75. Nd4+ Kb2 76. Rc2+ Kb1 77. Rh2 Rg8
78. Nb5 Kc1 79. Kc4 Kd1 80. Nc3+ Ke1 81. Kd4 Kf1 82. Nd5 Kg1 83. Rc2 Rd8 84.
Ke4 Kf1 85. Kf3 Ke1 86. Nc3 Rd3+ 87. Kf4 Rh3 88. Ke4 Rh8 89. Ne2 Kd1 90. Ra2
Re8+ 91. Kd3 Ke1 92. Ng3 Rd8+ 93. Ke3 Re8+ 94. Ne4 Kd1 95. Rh2 Kc1 96. Kd3 Rd8+
97. Kc4 Rc8+ 98. Nc5 Kd1 99. Kd3 Ke1 100. Ke3 Re8+ 101. Ne4 Kd1 1/2-1/2